Data book for electronic technicians and engineers

There is no scarcity of data on the subject of electronics. There are hundreds of books filled to the brim with basic theory and equa-tions. But this great variety, in itself, creates a problem. Where and how do you pin down specific information of a particular phase of electronics?

में बचाया:
ग्रंथसूची विवरण
मुख्य लेखक: Lenk, John D.
स्वरूप: पुस्तक
भाषा:Undetermined
प्रकाशित: Englewood Cliffs, New Jersey Prentice-Hall 1968
विषय:
टैग : टैग जोड़ें
कोई टैग नहीं, इस रिकॉर्ड को टैग करने वाले पहले व्यक्ति बनें!
Thư viện lưu trữ: Trung tâm Học liệu Trường Đại học Cần Thơ
LEADER 00833nam a2200193Ia 4500
001 CTU_20851
008 210402s9999 xx 000 0 und d
082 |a 621.381 
082 |b L563 
100 |a Lenk, John D. 
245 0 |a Data book for electronic technicians and engineers 
245 0 |c John D. Lenk 
260 |a Englewood Cliffs, New Jersey 
260 |b Prentice-Hall 
260 |c 1968 
520 |a There is no scarcity of data on the subject of electronics. There are hundreds of books filled to the brim with basic theory and equa-tions. But this great variety, in itself, creates a problem. Where and how do you pin down specific information of a particular phase of electronics? 
650 |a Electronics,Điện tử 
904 |i Minh, Gia Linh,Hải 
980 |a Trung tâm Học liệu Trường Đại học Cần Thơ